PRIMARY science: a guide to teaching practice
Salvato in:
| Natura: | Libro |
|---|---|
| Lingua: | inglese |
| Pubblicazione: |
Sage Publications,
2015.
|
| Tags: |
Aggiungi Tag
Nessun Tag, puoi essere il primo ad aggiungerne!!
|
MARC
| LEADER | 00000nam a22000007a 4500 | ||
|---|---|---|---|
| 008 | 210528b ||||| |||| 00| 0 eng d | ||
| 020 | |a 978-1-4462- 9509-0 | ||
| 245 | |a PRIMARY science: |b a guide to teaching practice |c Mick Dunne and Alan Peacock. |g xii, 296p. ; ill. | ||
| 250 | |b 2nd ed. |c Mick Dunne and Alan Peacock. | ||
| 260 | |b Sage Publications, |c 2015. |h Los Angeles: |i 692319 |i 692320 |l LB1585.5 .G7P93 |m Science – Study and teaching (Elementary) – Great Britain. | ||
| 500 | |a “It includes references and index”. | ||
| 942 | |a lcc |c BK |e Adeniran, F. A. |f 28/05/2021 | ||
| 952 | |0 0 |1 0 |2 lcc |4 0 |6 LB15855 G7 P93 |7 0 |9 2487 |a HOL |b SL |c LP |d 2021-05-28 |l 0 |o LB1585.5 .G7P93 |p 2021-6339 |r 2021-05-28 00:00:00 |w 2021-05-28 |y BK | ||
| 952 | |0 0 |1 0 |2 lcc |4 0 |6 LB15855 G7 P93 |7 0 |9 2488 |a HOL |b HOL |c LP |d 2021-05-28 |l 0 |o LB1585.5 .G7P93 |p 2021-6340 |r 2021-05-28 00:00:00 |w 2021-05-28 |y BK | ||
| 999 | |c 1295 |d 1295 | ||